00841nam a22002657a 4500001000700000003000900007005001700016007000700033008004700040020001500087040002200102100002600124245008200150250001400232260004600246300003000292490001900322700001800341830002200359942001200381945002700393952010500420956003300525999001700558000645DO-SdBNP20180209094059.0000645161107b 1993 sp a ||||| |||| 00| 0 spa d a8426325297 aBPMSUbspacBPMSU1 aAlcántara, Ricardo 10a¿Quién dice no a las drogas? /cRicardo Alcántara ; ilustrado por Gusti. a3ª ed.  aZaragoza, España : bEdelvives, c1993. a100 p. : bil. ; c18 cm.1 aAla deltav16012aGusti,d1963- 0aAla delta ; v160 2ddccBK aInventariado, 2018 /LP 00102ddc40708CI-GaBPMETbBPMETd2016-11-07eFUNDIl0pBPMSU16110135r2016-11-07w2016-11-07yBK aLOPEREZb10c20161107hBPMSU c11817d11817